| 000 | 00812cam a22002531a 4500 | ||
|---|---|---|---|
| 001 | pa 66000112 | ||
| 003 | DLC | ||
| 005 | 20260227111857.0 | ||
| 008 | 770103s1966 dcu i000 0 eng | ||
| 010 | _apa 66000112 | ||
| 035 | _a(OCoLC)2658479 | ||
| 040 |
_aDLC _cKU _dOCoLC _dNIC _dOrPS _dMoSU-L _dOCoLC _dDLC |
||
| 041 | 1 |
_aeng _hspa |
|
| 042 | _apremarc | ||
| 043 | _ances--- | ||
| 050 | 0 | 0 | _aLAW <United States Salvador 1 Cons. 1966> |
| 110 | 1 | _aEl Salvador. | |
| 240 | 1 | 0 |
_aConstitución política (1962). _lEnglish |
| 245 | 1 | 0 | _aConstitution of the Republic of El Salvador, 1962. |
| 260 |
_aWashington, D.C. : _bPan American Union, General Secretariat, Organization of American States, _c1966. |
||
| 300 |
_a40 p. ; _c28 cm. |
||
| 651 | 0 |
_aEl Salvador _xConstitution. |
|
| 710 | 2 | _aPan American Union. | |
| 999 |
_c51593 _d51593 |
||